Statistics for Roman cities in Portugal

Click here to take the quiz!

General Stats

  • This quiz has been taken 39 times
  • The average score is 6 of 10

Answer Stats

Roman name Portuguese name % Correct
Bracara AugustaBraga
97%
Portus CalePorto
94%
OlisipoLisboa
87%
EboraÉvora
71%
BrigantiaBragança
65%
AeminiumCoimbra
45%
OssonobaFaro
32%
CetobrigaSetúbal
26%
Portus HannibalisAlvor (Portimão)
19%
Myrtilis IuliaMértola
19%

Score Distribution

Percentile by Number Answered

Percent of People with Each Score

Your Score History

You have not taken this quiz